书目信息 |
| 题名: |
乡土中国 生育制度
|
|
| 作者: | 费孝通 | |
| 分册: | ||
| 出版信息: | 北京 北京大学出版社 1998 |
|
| 页数: | 347页 | |
| 开本: | 20cm | |
| 丛书名: | ||
| 单 册: | ||
| 中图分类: | C924.21 | |
| 科图分类: | ||
| 主题词: | 人口调查--世界 , 人口--研究--世界 | |
| 电子资源: | ||
| ISBN: | 7-301-03724-4 | |
| 000 | 00559nam0 2200193 450 | |
| 001 | 0728815141 | |
| 005 | 20070819080015.14 | |
| 010 | @a7-301-03724-4@d¥18.00 | |
| 100 | @a20070819d km y0chiy0120 ea | |
| 101 | 0 | @achi |
| 200 | 1 | @a乡土中国 生育制度@Axiang tu zhong guo sheng yu zhi du@f费孝通@Ffei xiao tong |
| 210 | @a北京@c北京大学出版社@d1998 | |
| 215 | @a347页@d20cm | |
| 606 | 0 | @a人口调查@x世界 |
| 606 | 0 | @a人口@x研究@x世界 |
| 690 | @aC924.21@v3 | |
| 701 | 0 | @a费孝通@Afei xiao tong |
| 801 | 0 | @aCN@bPFT@c20070819 |
| 905 | @a213230@dC924.21@eZW47@f1 | |
| 乡土中国 生育制度/费孝通.-北京:北京大学出版社,1998 |
| 347页;20cm |
| ISBN 7-301-03724-4:¥18.00 |
| ● |
| 相关链接 |
|
|
|
|
正题名:乡土中国 生育制度
索取号:C924.21/ZW47
 
预约/预借
| 序号 | 登录号 | 条形码 | 馆藏地/架位号 | 状态 | 备注 |
| 1 | 7601175 | 276011753 | 密集书库-文学院/ [索取号:C924.21/ZW47] | 在馆 |